| 000 | 01069nam0a22002771 4500 | ||
|---|---|---|---|
| 001 | rc\3969005 | ||
| 005 | 20250610222204.0 | ||
| 021 |
_aRU _b[55-20758] |
||
| 035 | _a(NLR Aleph) 007930826 | ||
| 090 |
_a8217437 _c8217437 |
||
| 100 | _a20130415d1955 |||y0rusy50 ca | ||
| 101 | 0 | _arus | |
| 102 | _aRU | ||
| 105 | _ay z ||||| | ||
| 200 | 1 |
_aВеликий русский ученый С.П. Боткин. [1832-1889] _fВсесоюз. о-во по распространению полит. и науч. знаний. Ленингр. отд-ние |
|
| 210 |
_aЛенинград _cБ. и. _d1955 |
||
| 215 |
_a23 с. _d20 |
||
| 300 | _aПеред загл. авт.: чл.-кор. АМН СССР Н.С. Молчанов | ||
| 700 | 1 |
_7ca _8rus _aМолчанов _bН. С. _f1899-1972 _gНиколай Семенович _9216848 _3RU\NLR\AUTH\770216904 |
|
| 702 | 1 |
_aБоткин _bС.П. _gСергей Петрович _4570 |
|
| 801 | 0 |
_aRU _bNLR _gpsbo |
|
| 801 | 1 |
_aRU _bELAR _2rusmarc |
|
| 852 |
_aNLR _jМд10 Г-4/618 |
||
| 942 | _cBOOK | ||
| 980 | _aNB | ||